LEADER 01114nam a2200253 i 4500 001 000000136067 003 CaOOAMICUS 005 20250718145256.0 008 050316s1969 it u000 u ita u 013 $a109541 040 $aSeMil$bita 100 1 $aDurkheim, Émile,$d<1858-1917>.$0(OLS)http://semarc/name/6505 245 13$aIl suicidio ; L'educazione morale /$cdi Émile Durkheim ; introduzione di Luciano Cavalli. 260 $aTorino :$bUnione Tipografico-Editrice Torinese,$c1969. 300 $a721 p., [7] c. di tav. ;$c24 cm. 490 0 $aClassici della sociologia 650 4$aSuicidio - Aspetti morali.$0(OLS)http://semarc/subject/51300 700 1 $aCavalli, Luciano.$0(OLS)http://semarc/name/14922 830 0$aClassici della sociologia .$0(OLS)http://semarc/title/40 850 $aSeMil 852 $aSeMil$W1$xVenegono$y1$m3M IV 354$j259917$B89695$CSeMilBibl$Z2$F94515 $81 996 $6245$aIl suicidio ; L'educazione morale$9(OLS)http://semarc/title/198856 996 $6260$aTorino :$bUnione Tipografico-Editrice Torinese$9(OLS)http://semarc/publisher/29628 LEADER 01233nam a2200289 i 4500 001 000000109258 003 CaOOAMICUS 005 20021030000000.0 008 021030s1995 it u000 u ita u 013 $a81938 020 $a0-631-19267-0 040 $aSeMil$bita 100 1 $aBauman, Zygmunt,$d<1925-2017>.$0(OLS)http://semarc/name/90630 245 10$aLife in fragments :$bessays in postmodern morality /$cZygmunt Bauman. 260 $aOxford (UK) ; Cambridge (USA) :$bBlackwell,$ccopyr. 1995. 300 $aVI, 293 p. ;$c23 cm. 500 $aFondo Card. C.M. Martini. 650 4$aPostmodernismo.$0(OLS)http://semarc/subject/10956 650 4$aEtica - Storia - Sec. 20.$0(OLS)http://semarc/subject/19325 650 4$aCiviltà - Storia - Sec. 20.$0(OLS)http://semarc/subject/19323 850 $aSeMil 852 $aSeMil$W1$xVenegono$y1$m3N IV 117$j65264$B65264$CSeMilBibl$Z2$F91615 $81 941 1 $a4 961 $aOmaggio: Martini Card. Carlo Maria 996 $6020$a0-631-19267-0$9(OLS)http://semarc/number/90530 996 $6245$aLife in fragments :$bessays in postmodern morality$9(OLS)http://semarc/title/158584 996 $6260$aOxford (UK) ; Cambridge (USA) :$bBlackwell$9(OLS)http://semarc/publisher/45033